000 00244 a2200109 4500
110 _aUnited Nations Population Fund
245 _aPopulation Issues
260 _c2001
500 _aBox 14
650 _2Population Education
942 _cPERIODICAL
999 _c2576
_d2576